Vybrané údaje o regiónoch v Slovenskej republike za 1. štvrťrok 1998

Enregistré dans:
Détails bibliographiques
Format: Livre
Langue:slovaque
anglais
Publié: Bratislava Štatistický úrad Slovenskej republiky 1998
Tags: Ajouter un tag
Pas de tags, Soyez le premier à ajouter un tag!

MARC

LEADER 00000nam a2200000 4500
001 c101921
005 20260211101836.4
041 0 |a slo 
041 0 |a eng 
044 |a SK 
245 1 0 |a Vybrané údaje o regiónoch v Slovenskej republike za 1. štvrťrok 1998 
264 1 |a Bratislava  |b Štatistický úrad Slovenskej republiky  |c 1998 
300 |a 79 s.